00881nam a2200205 i 450000100060000000300090000600500170001500700030003200800410003510000380007624502050011426000310031930000370035050000970038770000310048470000180051570000540053371100680058785200200065538134ES-MaACL20250819173341.0t|030224s1904 fr ||||1| fre d1 aCabello y Lapiedra, Luis María.10aA travers l'Espagne b: (indicateur du voyage pour les Congresistes) / crèdigé pa Louis Mª Cabello y Lapiedra ; en collaboration avc M.M. Clareria Lampérez, Repullés y Vargas et Vega Morcho. aMadrid : bRomero, c1904. aIV, 120 p., 24 lám. ; c17 cm. aPrecede al tít.: Vleme Congrés internacional des Architectes... - con siete itinerarios.1 aClareria Lámperez, M. M.1 aMorcho, Vega.1 aRepullés y Vargas, Enrique María, d1845-192204aCongreso Internacional de Arquitectos (n6º. d1904. cMadrid) aES-MaACLjC-283